00232 a2200109 4500001000700000020000600007040001100013100002000024240003700044245003200081362000900113159002 a  cMagnum aGarcia, Eduardo10aHistoria da civilizacao v.2lpor10aHistoria da civilizacao v.20 a1899